LEADER 01008nam a2200217 i 4500 001 000000000970 003 CaOOAMICUS 005 20180830125434.0 008 180830s1882 fr u000 u und u 040 $aSeMil$bita 100 1 $aMonsabré, Jacques Marie Louis,$d<1827-1907>.$0(OLS)http://semarc/name/837 245 10$aConférences conventuelles :$bintroduction au dogme catholique /$cpar le T. R. P. J.-M.-L. Monsabré. 260 $aParis :$bÉdouard Baltenweck,$c1882. 300 $a4 v. ;$c18 cm. 650 4$aDogma - Storia delle dottrine.$0(OLS)http://semarc/subject/5 774 0 $aMonsabré, Jacques Marie Louis <1827-1907>$tPrincipes et erreurs.$b2. éd.$g1$w()42533 774 0 $tProphéties.$b3. éd.$g2$w()216023 774 0 $tMiracles.$b3. éd.$g3$w()216024 774 0 $tTémoignages.$b3. éd.$g4$w()216025 996 $6245$aConférences conventuelles :$bintroduction au dogme catholique$9(OLS)http://semarc/title/1538 996 $6260$aParis :$bÉdouard Baltenweck$9(OLS)http://semarc/publisher/30093 LEADER 01308nam a2200313 i 4500 001 000000201582 003 CaOOAMICUS 005 20111003000000.0 008 111003s1992 it u000 u ita u 013 $a180284 020 $a978-88-315-3797-1 040 $aSeMil$bita 100 1 $aPuljic, Vinko.$0(OLS)http://semarc/name/49200 245 10$aCristiani a Sarajevo /$cVinko Puljic ; intervista di Roberto Morozzo Della Rocca. 260 $aTorino :$bPaoline,$c1992. 300 $a146 p. ;$c21 cm. 490 0 $aLibroteca Paoline ;$v112 500 $aDedica autografa dell'autore al card. Martini. - Fondo C.M. Martini. 650 4$aSarajevo.$0(OLS)http://semarc/subject/9710 650 4$aBosnia-Erzegovina - Cristianesimo.$0(OLS)http://semarc/subject/37850 700 1 $aMorozzo Della Rocca, Roberto.$0(OLS)http://semarc/name/48826 830 0$aLibroteca Paoline ;$v112.$0(OLS)http://semarc/title/8178 850 $aSeMil 852 $aSeMil$W1$xVenegono$y1$m3D III 132$j152108$B152108$CSeMilBibl$Z2$F168171 $81 941 1 $a4 961 $aLascito: Martini Card. Carlo Maria 996 $6020$a978-88-315-3797-1$9(OLS)http://semarc/number/194288 996 $6245$aCristiani a Sarajevo$9(OLS)http://semarc/title/291725 996 $6260$aTorino :$bPaoline$9(OLS)http://semarc/publisher/31248